Les trophées / (Record no. 173060)

MARC details
000 -LEADER
campo de control de longitud fija 00656nam a2200205 i 4500
001 - NÚMERO DE CONTROL
campo de control 173060
003 - IDENTIFICADOR DE NÚMERO DE CONTROL
campo de control ES-MaACL
005 - FECHA Y HORA DE LA ÚLTIMA TRANSACCIÓN
campo de control 20251014063250.0
008 - DATOS DE LONGITUD FIJA--INFORMACIÓN GENERAL
campo de control de longitud fija 091021s1989 fr |||| | fre d
020 ## - NÚMERO INTERNACIONAL ESTÁNDAR DEL LIBRO
Número Internacional Estándar del Libro 978-2709-607-261
080 ## - NÚMERO DE LA CLASIFICACIÓN DECIMAL UNIVERSAL
Número de la Clasificación Decimal Universal 821.133.1-1"18"
100 1# - ENTRADA PRINCIPAL--NOMBRE DE PERSONA
Nombre de persona Heredia, José Maria de,
Fechas asociadas al nombre 1842-1905
9 (RLIN) 151325
245 14 - MENCIÓN DEL TÍTULO
Título Les trophées /
Mención de responsabilidad, etc. José-María de Heredia.
260 ## - PUBLICACIÓN, DISTRIBUCIÓN, ETC.
Lugar de publicación, distribución, etc. Paris :
Nombre del editor, distribuidor, etc. Jean-Claude Lattès,
Fecha de publicación, distribución, etc. 1989.
300 ## - DESCRIPCIÓN FÍSICA
Extensión 220 p. ;
Dimensiones 16 cm.
490 1# - MENCIÓN DE SERIE
Mención de serie Bibliothèque Lattès
830 0# - PUNTO DE ACCESO ADICIONAL DE SERIE-TÍTULO UNIFORME
Título uniforme Bibliothèque Lattès
9 (RLIN) 223479
852 ## - LOCALIZACIÓN
Ubicación ES-MaACL
Número de control de estantería E-13043
Nota libre . - Biblioteca Jacinto Martínez Lacalle
Holdings
Estatus retirado Estado de pérdida Estado de daño No para préstamo Biblioteca de origen Biblioteca actual Ubicación en estantería Fecha de adquisición Fuente de adquisición Total de préstamos Signatura topográfica completa Código de barras Visto por última vez Precio de reemplazo Tipo de ítem Koha
        Biblioteca del Ateneo de Madrid Biblioteca del Ateneo de Madrid Depósito 2 21/10/2009     E-13043 1181591 23/02/2023 23/02/2023 Libro impreso